000 00380 a2200145 4500
005 20250318102154.0
020 _a978-0-07-161580-8
082 _a415 RYD
100 _aRYDER, R.
245 _a101 English Verbs with 101 Videos for Your iPod
260 _aNew York,
_bMcGraw-Hill,
_c2010.
300 _axviii, 108p.: picture, table
_c21cm.
700 _aGARNICA, A.
942 _2ddc
_cBKS
999 _c892
_d892